LDR 00807naa#a2200157#i#450# 001 RU\INFRA-M\bibl\14614 005 20260426104815.7 100 ## _a20250114b2025####ek#y0rusy0150####ca 102 ## _aRU 200 1# _aРАЗРАБОТКА МЕТОДИЧЕСКОГО ПОДХОДА К ОПРЕДЕЛЕНИЮ СТОИМОСТИ РАБОТ ПО СОПРОВОЖДЕНИЮ ПРОГРАММНОГО ОБЕСПЕЧЕНИЯ _eСтатья/тезисы конференции 210 1# _aМосква _cОбщество с ограниченной ответственностью «Научно-издательский центр ИНФРА-М» _d2025 215 ## _a5 с. 608 ## _aСтатья/тезисы конференции _2local 700 #1 _aЕфимова _gО. В. 700 #1 _aБабошин _gЕ. Б. 856 4# _azh-szf.ru _u